| 000 | 00521nam a2200169 4500 | ||
|---|---|---|---|
| 001 | 109760 | ||
| 003 | ES-MaACL | ||
| 005 | 20230906184915.0 | ||
| 007 | t| | ||
| 008 | 061121s1964 xxu r ||||1| eng d | ||
| 100 | 1 |
_aO'Neill, Eugene. _986353 |
|
| 245 | 1 | 0 |
_aA collection of critical essays / _cEugene O'Neill ; edited by John Gassner. |
| 260 |
_aEnglewood Cliffs (New Jersey) : _bPrentice Hall, _c1964. |
||
| 300 |
_aVIII, 180 p. ; _c21 cm. |
||
| 700 | 1 |
_aGassner, John. _955921 |
|
| 852 |
_aES-MaACL _jG-8413 _bR.66096 |
||
| 999 |
_c109760 _d109760 |
||